Fakta bersepadu spm sains tingkatan 4 dan 5

Bibliographic Details
Main Author: Khoo Goh Kow
Format: Book
Published: K.Lumpur : Pustaka Pelajaran Sdn Bhd , 1995
Subjects:

MARC

LEADER 00000cam a2200000 7i4500
001 0000006099
002 000006589
005 20000330.0
020 |a 967902590X 
090 0 0 |a 500   |b KHO 
100 0 |a Khoo Goh Kow 
245 1 0 |a Fakta bersepadu spm sains tingkatan 4 dan 5   |c Khhoo Goh Kow,Yong Yoke Mui dan Fuziah bt Sulaiman 
260 |a K.Lumpur :   |b Pustaka Pelajaran Sdn Bhd ,   |c 1995 
300 |a 326p. ;   |c 25cm. 
650 0 0 |a Science   |x SPM 
999 |a 038242   |b BUKU   |c RUJUKAN   |e PERPUSTAKAAN KOMUNITI PETALING JAYA 
999 |a 038243   |b BUKU   |c RUJUKAN   |e PERPUSTAKAAN KOMUNITI PETALING JAYA